Statistiques concernant Connaissez vous bien Connor ? DBH

Cliquez ici pour prendre le quiz!

Statistiques générales

  • Ce quiz a été pris 14 fois
  • Le résultat moyen est 2 sur 12

Statistiques - réponses

QuestionRéponse% Correct
Quel est le modèle de Connor ?RK800
100%
Comment s’appelle la conscience malfaisante de Connor ?AX700
17%
Dans quel chapitre Connor peut-il devenir un déviant ?AX700
17%
Le modèle de Connor est spécifié pour :AX700
17%
Connor a la capacité de :AX700
17%
Quel personnage poursuit-il dans le chapitre : Traquées ?AX700
8%
Dans quel chapitre nous découvrons le nom du fils de Hank ?AX700
8%
De quel couleur sont ses yeux ?AX700
0%
Qui est le partenaire de Connor ?AX700
0%
Dans quel chapitre Connor rencontre t’il Kamski ?AX700
0%
Connor selon les choix du joueur peut devenir :AX700
0%
Connor a combien de scène dans les crédits ?AX700
0%

Distribution des résultats

Percentile par nombre de réponses

% des personnes avec chaque résultat

Votre développement - résultats

Vous n’avez pas pris ce quiz